000 00808nas a2200265 4500
001 BR0202013
003 BR-BrBNA
005 20231205102906.0
007 ta
008 230509b bl.|||p| |||| 00| 00por d
040 _aBR-BrBNA
_bpor
_cBiblioteca Nacional de Agricultura
041 _a(Pt)
072 _aF02
100 1 _aÁlvares, M. do C.
100 1 _aCaldas, L.S.
245 1 _aCrescimento, produção e variação somaclonal em bananeiras micropropagadas
650 _aBANANA
650 _aMICROPROPAGAÇÃO
650 _aCRESCIMENTO
650 _aPRODUÇÃO VEGETAL
650 _aVARIAÇÃO CLONAL
773 0 _tPesquisa Agropecuária Brasileira (Brazil)
_xISSN 0100-204X
_g(Mar 2002), v. 37(3) p. 415-420
_wBR0202013
909 _a202311
_bLúcia
_c55
_dLúcia Elande
942 _2AGRIS
_n0
_cANA
999 _c169924
_d169924